000 00569nam a2200217 i 4500
001 bgj
245 1 0 _aAnsichten einer künftigen Germanistik /
_chrsg. von Jürgen Kolbe.
260 _aMünchen :
_bCarl Hanser Verlag,
_c1969.
300 _a219, [1] s. ;
_c19 cm.
490 1 _aReihe Hanser
_v29
504 _aBibliogr. 219-[220].
650 9 _aJęzyk niemiecki
700 1 _aKOLBE, Jürgen.
830 _aReihe Hanser
040 _cBPK
041 0 _ager
044 _aDEU
080 _a811.112.2
942 _cKS
008 s gw f |000 0 ger
999 _c50331
_d50331
856 _uhttp://koha.tu.koszalin.pl/cgi-bin/koha/opac-detail.pl?biblionumber=50331
_yKatalog online BPK